01787nam a2200409Ia 4500001000900000003000500009005001700014007000300031008004100034040002300075090002300098245019100121260004300312300002700355336002700382337002800409338002800437502010100465505016300566650004000729650004100769650002800810650004900838650003500887650002300922650002700945650003700972700005001009700005801059901001901117902000601136905006301142942001001205942000701215999001901222952013601241dia_6900CHAP20240621134805.0ta220601s1984 mx d fr 001 0 spa d aCHAPbmxchpuaerda aV.C.7 bM37 c198410aInstalación de un frigorífico para almacenar aguacate (CV. Fuerte) en la zona de Atixco, Puebla /ccoordinadorRubén Marchand ; colaboradores Josafat Alcantara Alcantara...[y otros] aChapingo, México : bEl autor,c1984 a40 hojas :bgráficas 2rdacontentatextobtxt 2rdamediaano mediadobn 2rdacarrieravolumenbnc aViaje de estudios b(Viaje Corto) -- cUACh. Departamento de Ingeniería Agroindustrial, d1984 a1 Plano -- 1. Plano de área (Esc 1:50) Proyecto para el Establecimiento de una Cámara Frigorífica en Atlixco, Puebla para la conservación de Aguacate13aAguacate9159763xConservación 13aPreservación de alimentos 914437813aRefrigeración 99561113aAguacate9163224xAlmacenamiento en frío 13aAvocados9159764xPreservation13aFood preservation 13aRefrigeration 914693013aAvocados 9148887xCold storage1 aMarchand Ortega, Rubén9148337ecoordinador1 aAlcántara Alcántara, Josafat9163226ecolaborador aV.C.7 M37 1984 aM a5232271984 mx me 8123223321spa16 2local cVE c209723d209723 00102local4051708VEaIA_bIA_d2022-06-01eEl autorl0oV.C.7 M37 1984p1106012001r2026-01-26 00:00:00tEj. 1w2022-06-01yVE